Les jeux vidéo les plus vendus de l’histoire - Statistiques

Statistiques générales
  • Ce quiz a été pris 51 fois
  • Le résultat moyen est 2 sur 10
Statistiques - réponses
Ventes
(en M)
Films % Correct
300 Minecraft
80%
200 GTA V
57%
100 Tetris
43%
48 Super Mario Bros
14%
47 Pokémon Rouge/Vert/Bleu
11%
60 Red Dead Redemption 2
11%
83 Wii Sports
11%
50 The Witcher 3
5%
75 PUBG
2%
70 Mario Kart 8 Deluxe
0%
Aucun quiz correspondant
Distribution des résultats
% des personnes avec chaque résultat
Percentile par nombre de réponses
Votre historique - résultats
Vous n’avez pas pris ce quiz